Представление документа в формате MARC21

Поле Инд. ПП Название Значение
Тип записи a
Библиографический уровень b
001 Контрольный номер RU/IS/BASE/262113646
005 Дата корректировки 20240327120348.0
084 a Индекс другой классификации/Индекс ББК 60.023; 60.033.3; 65.011.2; 65.9(2Рос)-98
100 1_ a Автор Иванов В. Н.
q Полное имя Иванов Валентин Николаевич
245 10 a Заглавие Поиск современного пути общественного развития
504 a Библиография Библиогр. ссылки
650 04 a Основная рубрика социальная философия
a Основная рубрика философия истории
a Основная рубрика экономика
a Основная рубрика экономическая теория
653 0_ a Ключевые слова биосфера
a Ключевые слова глобальная экологическая стратегия
a Ключевые слова гражданское общество
a Ключевые слова доктрина общественного развития
a Ключевые слова корпоративный тип хозяйствования
a Ключевые слова корпоратизм
a Ключевые слова мировое развитие
a Ключевые слова общественное развитие
a Ключевые слова общество
a Ключевые слова природа
a Ключевые слова развитие человечества
a Ключевые слова Россия
a Ключевые слова социально-историческое развитие
a Ключевые слова социально-экономическая политика
a Ключевые слова стратегия развития человечества
a Ключевые слова устойчивое развитие
a Ключевые слова хозяйственно-экономическая система
a Ключевые слова человек
a Ключевые слова человечество
a Ключевые слова экологическая обстановка
a Ключевые слова экологические катастрофы
a Ключевые слова эколого-экономическое взаимодействие
a Ключевые слова эколого-экономическое развитие
773 18 t Заглавие источника Устойчивое развитие. Наука и практика
d Дата издания источника 2002
g Прочая информация № 1. - С. 131 - 142
w Контрольный № источника RU/IS/BASE/109089911
901 t Тип документа b